000 01181nam a2200193 i 4500
001 152406
003 ES-MaACL
005 20230906204727.0
008 931025m18751882sp af |||| | spa d
100 1 _aBorja Salamanca, Luis.
_930503
245 1 0 _aDerrotero de las costas occidentales de Africa /
_credactado en la Direccion de Hidrografía con presencia de las publicaciones mas recientes [por Luis Borja Salamanca].
260 _aMadrid :
_bDirección de Hidrografía,
_c1875-1882 (
_fImp. de T. Fortanet)
300 _a3 v. ;
_c29 cm.
505 8 _aContiene: T. I. Núm. 12. A. Desde Cabo Espartel hasta Sierra Leona (XIII, 285 p., XI h. de lám. pleg.) -- T. II. Núm. 12. B. Desde Sierra Leona hasta el Cabo López (XXII, 337 p., [11] h. de lám. pleg.) -- T. III. Núm. 12. C. Desde Cabo López hasta la Bahía de Algoa con inclusión de las Islas de la Ascensión, Santa Elena y Tristán de Acunha (XVIII, 307 p., XVII h. de lám.)
594 _aMención de responsabilidad tomada del verso de la port.
650 4 _aDerroteros-
_xÁfrica (Occidental)
_9135902
710 1 _aEspaña.
_bDirección de Hidrografía.
_93694
852 _aES-MaACL
_jG-11293-95
_z-- Enc. hol.
999 _c152406
_d152406